[Event "Florianopolis Winter op 6th"]
[Site "Florianopolis"]
[Date "2022.07.14"]
[Round "3"]
[White "Sergio Filho, Claudio Santos"]
[Black "Caetano, Ryan Wesley da Cost"]
[Result "0-1"]
[WhiteElo "1831"]
[BlackElo "2189"]
[PlyCount "102"]
[EventDate "2022.07.13"]
[EventType "swiss"]
[EventRounds "9"]
[EventCountry "BRA"]
[SourceTitle "CBM 209 Extra"]
[Source "ChessBase"]
[SourceDate "2022.09.30"]
[SourceVersion "1"]
[SourceVersionDate "2022.09.30"]
[SourceQuality "1"]

1. Nf3 Nf6 2. c4 g6 3. d4 Bg7 4. Nc3 d5 5. cxd5 Nxd5 6. e4 Nxc3 7. bxc3 c5 8. Bb5+ Bd7 9. Bxd7+ Qxd7 10. 0-0 0-0 11. Rb1 Nc6 12. Be3 cxd4 13. cxd4 Na5 14. Qd3 Rfc8 15. Qb5 Qxb5 16. Rxb5 b6 17. Rc1 Rxc1+ 18. Bxc1 Rc8 19. Rb1 Rc2 20. Ba3 Bf8 21. Ra1 Nc4 22. Bc1 Nd6 23. e5 Ne4 24. Be3 Nc3 25. a4 Nd5 26. Ne1 Nxe3 27. fxe3 Rc3 28. Nf3 Bh6 29. d5 Bxe3+ 30. Kf1 Kf8 31. Rd1 Rc1 32. Rxc1 Bxc1 33. Ke2 Ke8 34. Kd3 Kd7 35. Kc4 a6 36. Kd4 h6 37. Kc4 h5 38. h3 Bf4 39. g4 Bg3 40. Kd4 Bf2+ 41. Kc4 f6 42. gxh5 gxh5 43. exf6 exf6 44. Nd2 f5 45. Nf3 Kd6 46. Ng5 b5+ 47. axb5 axb5+ 48. Kxb5 Kxd5 49. Kb4 Be3 50. Nf3 Ke4 51. Ne1 Bd2+ 0-1

[Event "Goiania Xeque Mate U2200 op 4th"]
[Site "Goiania"]
[Date "2019.03.10"]
[Round "5"]
[White "Sergio Filho, Claudio Santos"]
[Black "Ferraz, Michel Liah"]
[Result "1-0"]
[WhiteElo "1849"]
[BlackElo "1578"]
[PlyCount "67"]
[EventDate "2019.03.09"]
[EventType "swiss"]
[EventRounds "5"]
[EventCountry "BRA"]
[SourceTitle "CBM 190 Extra"]
[Source "ChessBase"]
[SourceDate "2019.07.15"]
[SourceVersion "1"]
[SourceVersionDate "2019.07.15"]
[SourceQuality "1"]

1. d3 d5 2. Nf3 Nf6 3. g3 c5 4. Bg2 Nc6 5. 0-0 Bg4 6. Nbd2 e6 7. e4 dxe4 8. dxe4 Be7 9. h3 Bh5 10. Qe2 0-0 11. g4 Bg6 12. Nh4 Bxe4 13. Bxe4 Nxe4 14. Nxe4 Nd4 15. Qd1 Bxh4 16. c3 Nc6 17. Nxc5 Qe7 18. Be3 Rad8 19. Qe2 Kh8 20. Ne4 b6 21. g5 f5 22. Qh5 Ne5 23. f4 Ng6 24. Nd2 Rd3 25. Qe2 Rfd8 26. Nf3 Bg3 27. Nd4 Nxf4 28. Bxf4 Bxf4 29. Qxd3 Qxg5+ 30. Kh1 Be3 31. Qe2 Qh6 32. Qg2 f4 33. Rad1 Rd5 34. Nxe6 1-0

[Event "BRA-ch Universities"]
[Site "Vitoria"]
[Date "2018.06.08"]
[Round "4"]
[White "Sergio Filho, Claudio Santos"]
[Black "Noguerol, Alvaro Vinueza"]
[Result "0-1"]
[WhiteElo "1852"]
[BlackElo "1758"]
[PlyCount "43"]
[EventDate "2018.06.06"]
[EventType "swiss"]
[EventRounds "7"]
[EventCountry "BRA"]
[SourceTitle "EXT 2019"]
[Source "ChessBase"]
[SourceDate "2018.10.10"]
[SourceVersion "1"]
[SourceVersionDate "2018.10.10"]
[SourceQuality "1"]

1. Nf3 c5 2. d3 d5 3. g3 Nc6 4. Bg2 Nf6 5. 0-0 e6 6. Nbd2 Be7 7. e4 0-0 8. Qe2 Bd7 9. e5 Ne8 10. c3 f5 11. exf6 Rxf6 12. Nb3 b6 13. Bf4 g5 14. Bc1 a5 15. a4 Kh8 16. d4 c4 17. Nbd2 Qb8 18. Re1 b5 19. axb5 Qxb5 20. b3 Nd6 21. Ba3 Nb4 22. Bxb4 0-1

[Event "Goiania zt"]
[Site "Goiania"]
[Date "2017.08.19"]
[Round "3"]
[White "Sergio Filho, Claudio Santos"]
[Black "Campos, Otavio Moraes"]
[Result "1-0"]
[WhiteElo "1861"]
[BlackElo "1722"]
[PlyCount "73"]
[EventDate "2017.08.18"]
[EventType "swiss"]
[EventRounds "6"]
[EventCountry "BRA"]
[SourceTitle "CBM 180 Extra"]
[Source "ChessBase"]
[SourceDate "2017.10.06"]
[SourceVersion "1"]
[SourceVersionDate "2017.10.06"]
[SourceQuality "1"]

1. e4 e5 2. Nc3 Nf6 3. g3 d5 4. exd5 Bc5 5. Bg2 Ng4 6. Nh3 c6 7. dxc6 Nxc6 8. 0-0 Be6 9. d3 Qd7 10. Ng5 Bf5 11. Nge4 Bxe4 12. dxe4 Qxd1 13. Nxd1 0-0-0 14. Bh3 h5 15. Be3 Bxe3 16. Nxe3 Kb8 17. Bxg4 hxg4 18. Nxg4 Rh6 19. Rad1 Rdh8 20. f4 exf4 21. Rxf4 f6 22. Rd7 R8h7 23. c3 Kc8 24. Rd2 Nd8 25. e5 Ne6 26. Rc4+ Kb8 27. Rd6 b5 28. Rb4 Ng5 29. Rxb5+ Kc7 30. Rc5+ Kb7 31. Rb5+ Kc7 32. Rc5+ Kb7 33. exf6 Nf3+ 34. Kg2 Nxh2 35. fxg7 Nxg4 36. g8Q Rh2+ 37. Kf3 1-0

[Event "Goiania zt"]
[Site "Goiania"]
[Date "2017.08.18"]
[Round "1"]
[White "Sergio Filho, Claudio Santos"]
[Black "Aguiar, Luisa Oliveira"]
[Result "1-0"]
[WhiteElo "1861"]
[BlackElo "1404"]
[PlyCount "31"]
[EventDate "2017.08.18"]
[EventType "swiss"]
[EventRounds "6"]
[EventCountry "BRA"]
[SourceTitle "CBM 180 Extra"]
[Source "ChessBase"]
[SourceDate "2017.10.06"]
[SourceVersion "1"]
[SourceVersionDate "2017.10.06"]
[SourceQuality "1"]

1. e4 e6 2. Nc3 Nc6 3. g3 Nf6 4. Bg2 g6 5. Nge2 Bg7 6. 0-0 0-0 7. d3 d6 8. f4 Bd7 9. f5 Be8 10. h3 Nd4 11. g4 c6 12. g5 Nh5 13. f6 Bh8 14. Kh2 Nxe2 15. Qxe2 Nf4 16. Bxf4 1-0

[Event "BRA-ch U26"]
[Site "Uberlandia"]
[Date "2015.10.17"]
[Round "5"]
[White "Dias da Fonseca, Petrus Fay"]
[Black "Sergio Filho, Claudio Santos"]
[Result "1-0"]
[WhiteElo "1814"]
[BlackElo "1907"]
[PlyCount "81"]
[EventDate "2015.10.15"]
[EventType "swiss"]
[EventRounds "7"]
[EventCountry "BRA"]
[SourceTitle "CBM 168 Extra"]
[Source "ChessBase"]
[SourceDate "2015.10.29"]
[SourceVersion "1"]
[SourceVersionDate "2015.10.29"]
[SourceQuality "1"]

1. e4 c5 2. Nc3 Nc6 3. a4 g6 4. Bc4 Bg7 5. f4 d6 6. Nf3 Nf6 7. h3 Nh5 8. 0-0 0-0 9. d3 Ng3 10. Rf2 Nd4 11. Kh2 Nh5 12. g4 Nf6 13. Nxd4 cxd4 14. Nd5 Nxd5 15. Bxd5 e6 16. Bb3 Qh4 17. Qf3 f5 18. exf5 gxf5 19. g5 Kh8 20. Bd2 e5 21. Bd5 e4 22. dxe4 fxe4 23. Bxe4 Bxh3 24. Qg3 Qxg3+ 25. Kxg3 Bf5 26. Bxf5 Rxf5 27. Rh2 Re8 28. Rah1 Kg8 29. Rxh7 Re2 30. R7h2 Re4 31. Re1 d5 32. Rhe2 d3 33. cxd3 Rxe2 34. Rxe2 Bxb2 35. Be3 Bc3 36. Bxa7 Rf7 37. Bb6 Bb4 38. Re8+ Kh7 39. Bd4 Bd6 40. Rh8+ Kg6 41. Rh6+ 1-0

[Event "Goiania-ch Phase 03"]
[Site "Goiania"]
[Date "2014.08.08"]
[Round "1"]
[White "Sergio Filho, Claudio Santos"]
[Black "Santos Jr, Alexandre Reis Dos"]
[Result "1/2-1/2"]
[WhiteElo "1915"]
[BlackElo "1805"]
[PlyCount "63"]
[EventDate "2014.08.08"]
[EventType "swiss"]
[EventRounds "6"]
[EventCountry "BRA"]
[SourceTitle "CBM 162 Extra"]
[Source "ChessBase"]
[SourceDate "2014.10.17"]
[SourceVersion "1"]
[SourceVersionDate "2014.10.17"]
[SourceQuality "1"]

1. e4 e6 2. d3 d5 3. Nd2 dxe4 4. dxe4 Nc6 5. Ngf3 Nf6 6. g3 Bc5 7. Bg2 0-0 8. 0-0 a6 9. h4 e5 10. Qe2 Bg4 11. c3 Qe7 12. Nc4 Rfd8 13. Bg5 h6 14. Bxf6 Qxf6 15. Ne3 Bxe3 16. Qxe3 Rd6 17. Rad1 Rad8 18. Rxd6 Qxd6 19. Nh2 Be6 20. a3 Qd2 21. Nf3 Qxe3 22. fxe3 g6 23. Kf2 a5 24. b4 axb4 25. cxb4 Ra8 26. b5 Na5 27. Nd2 Nc4 28. Nxc4 Bxc4 29. Rc1 Bxb5 30. Rxc7 Bc6 31. Kf3 Ra4 32. Rc8+ 1/2-1/2

[Event "Goiania-ch Phase 02"]
[Site "Goiania"]
[Date "2014.05.24"]
[Round "3"]
[White "Amaro, Jose Roberto"]
[Black "Sergio Filho, Claudio Santos"]
[Result "0-1"]
[WhiteElo "1852"]
[BlackElo "1909"]
[PlyCount "114"]
[EventDate "2014.05.23"]
[EventType "swiss"]
[EventRounds "6"]
[EventCountry "BRA"]
[SourceTitle "EXT 2016"]
[Source "ChessBase"]
[SourceDate "2015.10.08"]
[SourceVersion "1"]
[SourceVersionDate "2015.10.08"]
[SourceQuality "1"]

1. e4 c5 2. c3 d5 3. exd5 Qxd5 4. d4 Nc6 5. Nf3 Bg4 6. Be2 e6 7. 0-0 cxd4 8. cxd4 Nf6 9. h3 Bh5 10. Nc3 Qa5 11. Qb3 Qb4 12. Qxb4 Bxb4 13. g4 Bg6 14. Bb5 0-0 15. Bxc6 bxc6 16. Ne5 Nd5 17. Bd2 Bxc3 18. bxc3 Rfc8 19. Nxg6 hxg6 20. Rfb1 Rab8 21. Rb3 Nf6 22. Rab1 Nd7 23. Rb7 a6 24. Kg2 c5 25. R1b3 Rxb7 26. Rxb7 Nf6 27. Be3 Nd5 28. Ra7 Nxe3+ 29. fxe3 cxd4 30. exd4 Rxc3 31. Rxa6 Rd3 32. Ra8+ Kh7 33. a4 Rxd4 34. a5 Rd2+ 35. Kg3 Rd3+ 36. Kg2 f5 37. a6 Ra3 38. a7 e5 39. Rf8 Rxa7 40. gxf5 gxf5 41. Rxf5 Re7 42. Kf3 Kg6 43. Ke4 Ra7 44. Rf3 Ra5 45. Rg3+ Kf6 46. Rf3+ Ke6 47. Rg3 Ra4+ 48. Kf3 Ra3+ 49. Kf2 Rxg3 50. Kxg3 Kf5 51. Kf3 e4+ 52. Ke3 g5 53. Ke2 Kf4 54. Kf2 e3+ 55. Kg2 Ke4 56. Kf1 Kf3 57. Ke1 e2 0-1

[Event "Goiania-ch Phase 02"]
[Site "Goiania"]
[Date "2014.05.24"]
[Round "4"]
[White "Sergio, Claudio Santos"]
[Black "Sergio Filho, Claudio Santos"]
[Result "1/2-1/2"]
[WhiteElo "2049"]
[BlackElo "1909"]
[PlyCount "60"]
[EventDate "2014.05.23"]
[EventType "swiss"]
[EventRounds "6"]
[EventCountry "BRA"]
[SourceTitle "EXT 2016"]
[Source "ChessBase"]
[SourceDate "2015.10.08"]
[SourceVersion "1"]
[SourceVersionDate "2015.10.08"]
[SourceQuality "1"]

1. e4 c5 2. Nf3 Nc6 3. d4 cxd4 4. Nxd4 g6 5. Nc3 Bg7 6. Be3 Nf6 7. f3 0-0 8. Bc4 Qb6 9. Bb3 Nxe4 10. Nd5 Qa5+ 11. c3 Nc5 12. Nxc6 dxc6 13. Nxe7+ Kh8 14. Nxc8 Raxc8 15. 0-0 Qb5 16. Bxc5 Qxc5+ 17. Kh1 Rcd8 18. Qc2 f5 19. Rad1 Qb6 20. Rfe1 Rxd1 21. Rxd1 Rd8 22. Rxd8+ Qxd8 23. Qd1 Qxd1+ 24. Bxd1 Bh6 25. b3 Bd2 26. c4 Kg7 27. Kg1 Be3+ 28. Kf1 Kf6 29. Ke2 Bd4 30. Kd3 c5 1/2-1/2

[Event "Goiania-ch Phase 02"]
[Site "Goiania"]
[Date "2014.05.23"]
[Round "2"]
[White "Sergio Filho, Claudio Santos"]
[Black "De Paula, Leonardo Morais"]
[Result "1-0"]
[WhiteElo "1909"]
[BlackElo "1828"]
[PlyCount "101"]
[EventDate "2014.05.23"]
[EventType "swiss"]
[EventRounds "6"]
[EventCountry "BRA"]
[SourceTitle "EXT 2016"]
[Source "ChessBase"]
[SourceDate "2015.10.08"]
[SourceVersion "1"]
[SourceVersionDate "2015.10.08"]
[SourceQuality "1"]

1. e4 c5 2. d3 Nc6 3. g3 d5 4. Nd2 Nf6 5. Bg2 e5 6. Ngf3 Bg4 7. 0-0 Nd4 8. h3 Bxf3 9. Nxf3 Nxf3+ 10. Qxf3 d4 11. Qe2 Bd6 12. f4 0-0 13. f5 h6 14. g4 Nh7 15. Qf2 Be7 16. Qg3 f6 17. h4 Qd6 18. Bf3 Rac8 19. Bd1 c4 20. dxc4 Rxc4 21. Qb3 Qb4 22. c3 dxc3 23. Qxc4+ Qxc4 24. Bb3 Qxb3 25. axb3 Rc8 26. Rf3 cxb2 27. Bxb2 Rc2 28. Ba3 Bd8 29. Rc1 Bb6+ 30. Kh1 Re2 31. Rc8+ Kf7 32. Rd3 Bd4 33. g5 hxg5 34. hxg5 fxg5 35. Rh8 Re1+ 36. Kg2 Re2+ 37. Kg3 Rxe4 38. Rxh7 Kf6 39. Rf3 Re1 40. Rh8 e4 41. Rf8+ Ke5 42. Re8+ Kd5 43. Rd8+ Ke5 44. Bd6+ Kd5 45. Bb4+ Ke5 46. Bxe1 exf3 47. Kxf3 Bb6 48. Rd7 Kxf5 49. Rxg7 Bd4 50. Rxb7 g4+ 51. Kg2 1-0

[Event "Goiania Gomes Memorial"]
[Site "Goiania"]
[Date "2013.12.06"]
[Round "5"]
[White "Sergio Filho, Claudio Santos"]
[Black "Rezende, Guilherme Vilela"]
[Result "0-1"]
[WhiteElo "1919"]
[BlackElo "2129"]
[PlyCount "36"]
[EventDate "2013.11.30"]
[EventType "tourn"]
[EventRounds "9"]
[EventCountry "BRA"]
[SourceTitle "EXT 2015"]
[Source "ChessBase"]
[SourceDate "2014.11.20"]
[SourceVersion "1"]
[SourceVersionDate "2014.11.20"]
[SourceQuality "1"]

1. c4 e5 2. Nc3 Nf6 3. g3 Bb4 4. Bg2 Bxc3 5. bxc3 d6 6. d4 Qe7 7. e3 0-0 8. Ne2 Nbd7 9. 0-0 Rb8 10. Rb1 c5 11. Qa4 a6 12. Ba3 b6 13. Rfd1 a5 14. d5 e4 15. Rb2 Ne5 16. h3 Bd7 17. Rb5 Qe8 18. Qb3 Nxc4 0-1

[Event "Goiania Gomes Memorial"]
[Site "Goiania"]
[Date "2013.11.30"]
[Round "1"]
[White "Sergio Filho, Claudio Santos"]
[Black "Sergio, Claudio Santos"]
[Result "1/2-1/2"]
[WhiteElo "1919"]
[BlackElo "2064"]
[PlyCount "64"]
[EventDate "2013.11.30"]
[EventType "tourn"]
[EventRounds "9"]
[EventCountry "BRA"]
[SourceTitle "EXT 2015"]
[Source "ChessBase"]
[SourceDate "2014.11.20"]
[SourceVersion "1"]
[SourceVersionDate "2014.11.20"]
[SourceQuality "1"]

1. e4 c5 2. Nf3 Nc6 3. d4 cxd4 4. Nxd4 g6 5. Nc3 Bg7 6. Be3 Nf6 7. Bc4 0-0 8. f3 Qb6 9. Bb3 Ng4 10. fxg4 Bxd4 11. Bxd4 Qxd4 12. Qxd4 Nxd4 13. 0-0 d6 14. h3 a6 15. Rfd1 Nxb3 16. cxb3 Be6 17. Nd5 Bxd5 18. exd5 Rac8 19. Rac1 Rc5 20. Rxc5 dxc5 21. d6 exd6 22. Rxd6 Kg7 23. Kf2 Rb8 24. Rd5 b6 25. Ke3 Rb7 26. h4 Kf6 27. h5 Ke6 28. Rd2 Ke5 29. hxg6 fxg6 30. Rd8 a5 31. Re8+ Kf6 32. Rf8+ Kg7 1/2-1/2

[Event "Goias Interior-ch "]
[Site "Trindade"]
[Date "2013.08.18"]
[Round "6"]
[White "Silva, Gustavo Queiroz Dos"]
[Black "Sergio Filho, Claudio Santos"]
[Result "1/2-1/2"]
[WhiteElo "1961"]
[BlackElo "1909"]
[PlyCount "20"]
[EventDate "2013.08.16"]
[EventType "swiss"]
[EventRounds "6"]
[EventCountry "BRA"]
[SourceTitle "EXT 2015"]
[Source "ChessBase"]
[SourceDate "2014.11.20"]
[SourceVersion "1"]
[SourceVersionDate "2014.11.20"]
[SourceQuality "1"]

1. e4 c5 2. c3 d5 3. exd5 Qxd5 4. d4 Nc6 5. dxc5 Qxd1+ 6. Kxd1 Nf6 7. h3 Bf5 8. Be3 Bxb1 9. Rxb1 e6 10. Bc4 Ne4 1/2-1/2

[Event "Goiania zt"]
[Site "Goiania"]
[Date "2013.06.09"]
[Round "6"]
[White "Sergio Filho, Claudio Santos"]
[Black "Santos, Luciano da Silva"]
[Result "1-0"]
[WhiteElo "1921"]
[BlackElo "1899"]
[PlyCount "59"]
[EventDate "2013.06.07"]
[EventType "swiss"]
[EventRounds "6"]
[EventCountry "BRA"]
[SourceTitle "EXT 2015"]
[Source "ChessBase"]
[SourceDate "2014.11.20"]
[SourceVersion "1"]
[SourceVersionDate "2014.11.20"]
[SourceQuality "1"]

1. e4 d6 2. d3 g6 3. Nf3 Bg7 4. g3 e5 5. Bg2 Ne7 6. 0-0 0-0 7. Nbd2 Nbc6 8. Nh4 f5 9. f4 exf4 10. gxf4 Bh6 11. c3 fxe4 12. Qb3+ Kh8 13. Nxe4 Nf5 14. Nxf5 Rxf5 15. Be3 Qe8 16. Rae1 Qf8 17. Ng5 Bg7 18. Bh3 Rf6 19. Bxc8 Rxc8 20. Qxb7 d5 21. Bf2 Rb8 22. Qxc7 Rc8 23. Qd7 Rd8 24. Qh3 Qg8 25. Ne6 Re8 26. Nxg7 Rxe1 27. Rxe1 Kxg7 28. b4 Qf7 29. b5 Na5 30. Bd4 1-0

[Event "Goiania zt"]
[Site "Goiania"]
[Date "2013.06.07"]
[Round "2"]
[White "Sergio Filho, Claudio Santos"]
[Black "Silva, Vitor De Souza Mart"]
[Result "0-1"]
[WhiteElo "1921"]
[BlackElo "1987"]
[PlyCount "65"]
[EventDate "2013.06.07"]
[EventType "swiss"]
[EventRounds "6"]
[EventCountry "BRA"]
[SourceTitle "EXT 2015"]
[Source "ChessBase"]
[SourceDate "2014.11.20"]
[SourceVersion "1"]
[SourceVersionDate "2014.11.20"]
[SourceQuality "1"]

1. e4 c5 2. d3 g6 3. g3 Bg7 4. Bg2 Nc6 5. Nf3 d6 6. 0-0 Nf6 7. Nbd2 0-0 8. Re1 Nd7 9. c3 Nde5 10. Nf1 Bg4 11. Ne3 Bxf3 12. Bxf3 Nxf3+ 13. Qxf3 Ne5 14. Qd1 e6 15. f4 Nc6 16. f5 exf5 17. exf5 d5 18. Rf1 d4 19. Ng4 gxf5 20. Nh6+ Kh8 21. Qh5 dxc3 22. Rxf5 cxb2 23. Bxb2 Bxb2 24. Nxf7+ Rxf7 25. Rxf7 Qxd3 26. Raf1 Bd4+ 27. Kg2 Qe4+ 28. Kh3 Rg8 29. Rf8 Qe6+ 30. Kg2 Bg7 31. Rxg8+ Kxg8 32. Qxc5 b6 33. Rc1 0-1

[Event "Goiania-ch U20"]
[Site "Goiania"]
[Date "2013.05.19"]
[Round "5"]
[White "Rosa, Paulo Estevao"]
[Black "Sergio Filho, Claudio Santos"]
[Result "1-0"]
[WhiteElo "1944"]
[BlackElo "1941"]
[PlyCount "151"]
[EventDate "2013.05.18"]
[EventType "swiss"]
[EventRounds "5"]
[EventCountry "BRA"]
[SourceTitle "EXT 2015"]
[Source "ChessBase"]
[SourceDate "2014.11.20"]
[SourceVersion "1"]
[SourceVersionDate "2014.11.20"]
[SourceQuality "1"]

1. e3 Nf6 2. c4 d6 3. b3 g6 4. Nc3 Bg7 5. Bb2 0-0 6. Nf3 e5 7. d4 Nbd7 8. Be2 Qe7 9. Qc2 c6 10. dxe5 dxe5 11. 0-0 Re8 12. Rad1 h5 13. Ng5 e4 14. Rd4 c5 15. Rd2 Nf8 16. Nd5 Nxd5 17. Rxd5 f6 18. Nh3 Bxh3 19. gxh3 Nh7 20. Kh1 Qe6 21. Rg1 Kf7 22. Rxc5 Re7 23. Qd1 Qxh3 24. Qd5+ Qe6 25. Qxe6+ Rxe6 26. Rc7+ Re7 27. Rxe7+ Kxe7 28. Rxg6 Kf8 29. Bxh5 Rd8 30. Bc3 Rd3 31. Bb4+ Kg8 32. Rg4 f5 33. Rg1 b6 34. Bg6 a5 35. Be1 Rd1 36. Bxf5 Ng5 37. Rxg5 Rxe1+ 38. Kg2 Re2 39. Bxe4 Rxa2 40. Rb5 Bf8 41. Rxb6 Bc5 42. Rb8+ Kg7 43. Kf3 Ra1 44. Rb5 Bb4 45. c5 Rc1 46. c6 Kf6 47. Rb7 Bd6 48. Ra7 Rc5 49. h4 Bb8 50. Rb7 Bd6 51. b4 axb4 52. Rxb4 Rh5 53. Rd4 Be5 54. Rc4 Bc7 55. Kg4 Rh8 56. Rd4 Rg8+ 57. Kf3 Be5 58. Rd7 Rc8 59. h5 Kg5 60. Ke2 Bh2 61. h6 Ra8 62. c7 Ra2+ 63. Kf3 Bxc7 64. Rxc7 Kxh6 65. Kg3 Ra1 66. Kh4 Ra7 67. Rc6+ Kg7 68. Kg5 Ra5+ 69. Bf5 Ra7 70. Rg6+ Kf7 71. Rh6 Ra1 72. Rh7+ Kg8 73. e4 Re1 74. Kf6 Ra1 75. Rg7+ Kf8 76. Be6 1-0

[Event "Goiania-ch U20"]
[Site "Goiania"]
[Date "2013.05.18"]
[Round "1"]
[White "Rosa, Pedro Paulo"]
[Black "Sergio Filho, Claudio Santos"]
[Result "0-1"]
[WhiteElo "1786"]
[BlackElo "1941"]
[PlyCount "90"]
[EventDate "2013.05.18"]
[EventType "swiss"]
[EventRounds "5"]
[EventCountry "BRA"]
[SourceTitle "EXT 2015"]
[Source "ChessBase"]
[SourceDate "2014.11.20"]
[SourceVersion "1"]
[SourceVersionDate "2014.11.20"]
[SourceQuality "1"]

1. e4 c5 2. Nf3 Nc6 3. Nc3 g6 4. g3 Bg7 5. Bg2 d6 6. d3 e6 7. 0-0 Nge7 8. a3 0-0 9. Be3 Nd4 10. Nb1 Nxf3+ 11. Qxf3 Bxb2 12. Ra2 Bg7 13. Nd2 Nc6 14. Qd1 Nd4 15. a4 Rb8 16. c3 Nc6 17. Qc2 b6 18. Rb2 Qf6 19. Rc1 Ba6 20. Rbb1 Rfc8 21. Nf3 h6 22. c4 Nb4 23. Qe2 Rd8 24. Bf4 Qe7 25. Rd1 g5 26. Bd2 Nc6 27. Rb3 g4 28. Rbb1 gxf3 29. Qxf3 Ne5 30. Qe2 Qe8 31. f4 Nc6 32. Bh3 Nd4 33. Qf1 Bc8 34. Rdc1 Qxa4 35. f5 exf5 36. exf5 Nb3 37. Qd1 Bd4+ 38. Kh1 Bb7+ 39. Bg2 Bxg2+ 40. Kxg2 Qc6+ 41. Kh3 Nxd2 42. Qxd2 Qf3 43. Qxh6 Be3 44. Rf1 Qxf1+ 45. Rxf1 Bxh6 0-1

[Event "Goiania op"]
[Site "Goiania"]
[Date "2013.03.10"]
[Round "5"]
[White "Sergio Filho, Claudio Santos"]
[Black "De Miranda, Alexandre Pinto"]
[Result "1/2-1/2"]
[WhiteElo "1902"]
[BlackElo "2088"]
[PlyCount "95"]
[EventDate "2013.03.08"]
[EventType "swiss"]
[EventRounds "6"]
[EventCountry "BRA"]
[SourceTitle "EXT 2015"]
[Source "ChessBase"]
[SourceDate "2014.11.20"]
[SourceVersion "1"]
[SourceVersionDate "2014.11.20"]
[SourceQuality "1"]

1. c4 c5 2. Nc3 Nc6 3. g3 Nf6 4. Bg2 g6 5. d3 Bg7 6. e4 d6 7. Nge2 0-0 8. 0-0 Ne8 9. Be3 f5 10. Qd2 Nf6 11. h3 e5 12. Bg5 Be6 13. a3 Qd7 14. Kh2 Rf7 15. f4 h6 16. Bxf6 Rxf6 17. Rf3 Nd4 18. Nxd4 cxd4 19. Nd5 Bxd5 20. cxd5 exf4 21. Rxf4 h5 22. Rff1 Raf8 23. exf5 Rxf5 24. Rxf5 Rxf5 25. Rf1 Rxf1 26. Bxf1 Qe7 27. Qf4 Qe1 28. Kg2 Be5 29. Qf2 Qb1 30. Kh2 h4 31. Qe2 hxg3+ 32. Kg1 Kg7 33. b4 Qa1 34. Qg4 Qxa3 35. Qd7+ Kh6 36. Qg4 Qxb4 37. Qh4+ Kg7 38. Qe7+ Kh8 39. Qh4+ Kg7 40. Qe7+ Kg8 41. Qe8+ Kh7 42. Qe7+ Kg8 43. Qd8+ Kf7 44. Qd7+ Kf6 45. Qe6+ Kg5 46. Qg4+ Kh6 47. Qh4+ Kg7 48. Qe7+ 1/2-1/2

[Event "Goiania op"]
[Site "Goiania"]
[Date "2013.03.08"]
[Round "2"]
[White "De Oliveira, Aquiles Machado"]
[Black "Sergio Filho, Claudio Santos"]
[Result "1/2-1/2"]
[WhiteElo "2057"]
[BlackElo "1902"]
[PlyCount "30"]
[EventDate "2013.03.08"]
[EventType "swiss"]
[EventRounds "6"]
[EventCountry "BRA"]
[SourceTitle "EXT 2015"]
[Source "ChessBase"]
[SourceDate "2014.11.20"]
[SourceVersion "1"]
[SourceVersionDate "2014.11.20"]
[SourceQuality "1"]

1. Nc3 c5 2. Nf3 Nc6 3. e4 g6 4. d4 cxd4 5. Nxd4 Bg7 6. Be3 Nf6 7. Be2 0-0 8. Nb3 d6 9. 0-0 Be6 10. f4 Na5 11. Nxa5 Qxa5 12. Bd4 Rac8 13. Qe1 Qb4 14. Nb5 Qxe1 15. Rfxe1 Nxe4 1/2-1/2